Цигански приказки (Запис номер 175231)
[ съкратено ]
| 000 -Лидер | |
|---|---|
| Контролно поле с фиксирана дължина | 01666nam a2200337 c 4500 |
| 003 - Код на организацията, давaща контролен номер | |
| Контролно поле | BLK |
| 005 - Дата и час на последна редакция | |
| Контролно поле | 20180422114715.0 |
| 008 - Елементи от данни с фиксирана дължина | |
| fixed length control field | 180411b bul|||||r ||||||| ||bul|| |
| 010 ## - Наследен системен номер | |
| LC control number | KNG00183772000 |
| 040 ## - Източник на каталожния запис | |
| Идентификатор на билиотеката - собственик на записа | BLK |
| 041 ## - Код за език | |
| Код за езика на текст/звукозапис или на отделно заглавие | Български |
| Код за езика КДБФ | Български |
| 080 ## - УДК | |
| Текстов определител УДК | Литература на роми (на ромски език) |
| УДК код - определител по УДК | 821.214.58 |
| УДК определител | -93-34 |
| УДК - код + определител | 821.214.58-93-34 |
| 139 ## - Редно поле | |
| Редна дума | Цигански приказки |
| Авторски знак | Циг - Ц 59 |
| 245 10 - Сведения за заглавието | |
| Заглавие | Цигански приказки |
| Подзаглавни данни | В 4 кн. |
| Редно поле (дума) | подб. Пламен Градинаров; прев. от рус. Гергана Костадинова; прев. от рус. Анна Христова Липовска. |
| Том | Кн. 1 |
| Заглавие на том | Приказки на руските цигани |
| 257 ## - Страна на издаване | |
| Страна на създаване/издаване | Сборници - Свят |
| 260 ## - Област на издателските данни | |
| -- | София ; Плевен |
| Име на издателя, разпространителя и проч. | Евразия-Абагар |
| Година на издаване | 1991 - |
| Печатница | За том: Плевен : ДФ Абагар |
| 300 ## - Физическа характеристика | |
| Размери/Мащаб | 29 см |
| 380 ## - Жанр | |
| Жанр | Детска худож. лит. |
| 653 ## - Ключова дума – ненормативна | |
| Ключова дума | приказки |
| 653 ## - Ключова дума – ненормативна | |
| Ключова дума | детска литература |
| 653 ## - Ключова дума – ненормативна | |
| Ключова дума | литература за деца |
| 700 1# - Други автори (авторска отговорност) | |
| Лично име | Градинаров, Пламен |
| Автороска отговорност (Описва отношението между автора и произведението) | подб. |
| 9 (RLIN) | 364334 |
| 700 1# - Други автори (авторска отговорност) | |
| Лично име | Костадинова, Гергана |
| Автороска отговорност (Описва отношението между автора и произведението) | прев. от рус. |
| 9 (RLIN) | 380090 |
| 700 1# - Други автори (авторска отговорност) | |
| Лично име | Липовска, Анна Христова |
| Автороска отговорност (Описва отношението между автора и произведението) | прев. от рус. |
| 9 (RLIN) | 89058 |
| 760 1# - Описание на основната серия | |
| Място на издаване, издател и година | 1991 |
| Страници - том | 68 с. |
| Забележка - том | Прев. по Сказки и песни, рожденные в дороги : Цыганский фолклор. - 2000 тир. |
| Заглавие | Кн. 1 Приказки на руските цигани |
| 852 ## - Местоположение | |
| Форматна сигнатура | Цб ІІ 20982 |
| 856 4# - Електронен адрес и достъп | |
| Електронен формат | pdf - файл |
| Път до файла /url/ | |
| 856 4# - Електронен адрес и достъп | |
| Електронен формат | pdf - файл |
| Път до файла /url/ | |
| 942 ## - АРТИКУЛИ | |
| Вид на библиотечния материал | Книги |
| Скрит в OPAC | Не |
| 944 ## - СЪЗДАВАНЕ И РЕДАКЦИЯ на ЗАПИСА | |
| Създаване/Редакция | Създаване |
| Дата на регистрацията/редакция | 15.10.2015 |
| Служител, извършил регистрацията/редакцията | Елица_Владова |
| 944 ## - СЪЗДАВАНЕ И РЕДАКЦИЯ на ЗАПИСА | |
| Създаване/Редакция | Редакция |
| Дата на регистрацията/редакция | 16.10.2015 |
| Служител, извършил регистрацията/редакцията | Геновева_Генчева |
| 999 ## - СИСТЕМНИ КОНТРОЛНИ НОМЕРА | |
| Koha biblionumber | 175231 |
| Koha biblioitemnumber | 175231 |
| Код за отписване | Код за изгубен артикул | Източник на класификационната схема | Код за повреда | Коз за рестрикции | Код за отдаване | Артикулен № | Име на библиотеката - собственик | Име на библиотеката, в която се намира в момента | Статус (Текущо местоположение) | Дата на вписване в системата | Местоположение - отдел | Цена в лева | Инвентарен номер | Систематично азбучна сигнатура | Баркод | Номер на екземпляра | Цена в евро | Служебна бележка | Служебен тип на артикула |
|---|---|---|---|---|---|---|---|---|---|---|---|---|---|---|---|---|---|---|---|
| Не е изгубен | Universal Decimal Classification | Не е повреден | без рестрикции | ползва се в читалня | 301498 | Регионална библиотека "Любен Каравелов" Русе | Регионална библиотека "Любен Каравелов" Русе | Хранилище | 1991-01-01 | Основен фонд - ползва се само за читалня | 8.00 | 570725 | Цб ІІ 20982 | 570725 | 1 | 4.09 | N: стар фонд Дата: 01.01.1991 | Книги | |
| Изтеглен | Не е изгубен | Universal Decimal Classification | Не е повреден | без рестрикции | заемане за дома | 301499 | Регионална библиотека "Любен Каравелов" Русе | Регионална библиотека "Любен Каравелов" Русе | Детски отдел | 1991-01-01 | Детски отдел | 8.00 | 570726 | ДХ 820/899/Ц 59 | 570726 | 2 | 4.09 | N: стар фонд Дата: 01.01.1991 Дата инв: 29.10.2015 Бележки инв: Д2015 | Книги |
| Изтеглен | Не е изгубен | Universal Decimal Classification | Не е повреден | без рестрикции | заемане за дома | 301500 | Регионална библиотека "Любен Каравелов" Русе | Регионална библиотека "Любен Каравелов" Русе | Детски отдел | 1991-01-01 | Детски отдел | 8.00 | 570727 | ДХ 820/899/Ц 59 | 570727 | 3 | 4.09 | N: стар фонд Дата: 01.01.1991 Дата инв: 29.10.2015 Бележки инв: Д2015 | Книги |